| 000 | 00000nas 2200000zi 4500 |
| 001 | 9.945621 |
| 003 | CaOODSP |
| 005 | 20250123094809 |
| 006 | m o d f |
| 007 | cr ||||||||||| |
| 008 | 241126u19369999onchr p o f0###a0eng|d |
| 040 | |aCaOODSP|beng|erda|cCaOODSP |
| 043 | |an-cn-qu |
| 086 | 1 |aA51-94E-PDF |
| 110 | 1 |aExperimental Station (Cap-Rouge, Québec)|eauthor, |eissuing body. |
| 245 | 10|aDominion Experimental Station, Cap Rouge, P.Q. : |bresults of experiments. |
| 264 | 1|aOttawa, Canada : |bMinister of Agriculture, |c1938- |
| 310 | |aTriennial |
| 336 | |atext|btxt|2rdacontent |
| 337 | |acomputer|bc|2rdamedia |
| 338 | |aonline resource|bcr|2rdacarrier |
| 362 | 1 |aBegan with: 1933/1936 inclusive. |
| 500 | |aDigitized edition from print [provided by Agriculture and Agri-Food Canada]. |
| 588 | |aDescription based on: 1933/1936 inclusive; title from PDF title page. |
| 588 | |aLatest issue consulted: 1933/1936 inclusive. |
| 610 | 25|aExperimental Station (Cap-Rouge, Québec)|vPeriodicals. |
| 610 | 25|aStation expérimentale (Cap-Rouge, Québec)|vPériodiques. |
| 650 | 0|aAgricultural experiment stations|zQuébec (Province)|zCap-Rouge|vPeriodicals. |
| 650 | 6|aStations agronomiques|zQuébec (Province)|zQuébec|vPériodiques. |
| 651 | 6|aCap-Rouge (Québec, Québec) |
| 655 | 7|aPeriodicals|2lcgft |
| 655 | 7|aPériodiques|2rvmgf |
| 710 | 2 |aDominion Experimental Farms and Stations (Canada), |eissuing body. |
| 780 | 00|tExperimental Station, Cap Rouge, Que. : |w(CaOODSP)9.945619 |